| 000 | 01142nam a22003497a 4500 | ||
|---|---|---|---|
| 003 | CHAP | ||
| 005 | 20220329133725.0 | ||
| 008 | 971013s1994 r 00010 d | ||
| 010 | _a9984 | ||
| 011 | _a10956 | ||
| 035 | _a10194 | ||
| 040 | _cCHAP | ||
| 090 | _aTesis | ||
| 100 | 0 | 0 |
_aTéllez Guzmán, Víctor Manuel. _9113551 |
| 245 | _aBrotación y crecimiento de vástagos en rosa (Rosa hybrida) | ||
| 260 |
_aChapingo, Méx. : _bEl autor, _c1994 |
||
| 300 | _a108 h. | ||
| 502 | _aTesis (Ing. Agr. Esp. en Fitotecnia) -- UACH. Departamento de Fitotecnia | ||
| 590 |
_aALEPH _b10 _c20130110 _lUCH01 _h1226 |
||
| 590 |
_aBATCH-UPD _b10 _c20130110 _lUCH01 _h1640 |
||
| 590 |
_aBATCH-UPD _b10 _c20130410 _lUCH01 _h1030 |
||
| 590 |
_aBATCH-UPD _b10 _c20130914 _lUCH01 _h1330 |
||
| 590 |
_aCONVERSION _b10 _c20130109 _lUCH01 _h1306 |
||
| 650 | 1 | 4 |
_aEtileno _xEfecto en plantas. _938604 |
| 650 | 1 | 4 |
_aPlantas _xCrecimiento _xAditivos. _988804 |
| 650 | 1 | 4 |
_aRosas _xPropagación. _999986 |
| 650 | 1 | 4 |
_aRosas _xVástagos. _999993 |
| 650 | 1 | 4 |
_aRosas _xYemas. _999994 |
| 901 | _aBK | ||
| 942 | _cTESIS | ||
| 949 |
_bBC _cTES _d-21610 _eTS1 _h26655 _i10194 _si |
||
| 999 |
_c9984 _d9984 |
||